Corporate tax planning and business tax procedures with case studies (Record no. 396320)

MARC details
000 -LEADER
fixed length control field 00602 a2200229 4500
005 - DATE & TIME
control field 20260310111732.0
008 - FIXED-LENGTH DATA ELEMENTS--GENERAL INFORMATION
fixed length control field 260310b |||||||| |||| 00| 0 eng d
020 ## - ISBN
International Standard Book Number 9789371265638
Price Rs. 1445.00
040 ## - CATALOGING SOURCE
Original cataloging agency VIVEKANANDA LIBRARY
082 ## - DDC NUMBER
Classification number 343.04
Book Number S64T(29)
100 ## - MAIN ENTRY--PERSONAL NAME
Personal name Singhania, Vinod K
245 ## - TITLE STATEMENT
Title Corporate tax planning and business tax procedures with case studies
250 ## - EDITION STATEMENT
Edition statement 29th
260 ## - PUBLICATION, DISTRIBUTION, ETC. (IMPRINT)
Name of publisher, distributor, etc Taxmann
Date of publication, distribution, etc 2025
Place of publication, distribution, etc New Delhi
300 ## - PHYSICAL DESCRIPTION
Pages v.
650 ## - Subject
Subject Law
650 ## - Subject
Subject Public Finance
650 ## - Subject
Subject Taxes
650 ## - Subject
Subject Corporate Income Tax
700 ## - Added Entry Personal Name
Added Entry Personal Name Singhania, Monica
942 ## - ADDED ENTRY ELEMENTS (KOHA)
Koha item type Books
Holdings
Withdrawn status Lost status Source of classification or shelving scheme Damaged status Not for loan Location (home branch) Sublocation or collection (holding branch) Shelving location Date acquired Koha issues (times borrowed) Koha full call number Accession No. Koha date last seen Koha item type
    Dewey Decimal Classification     VIVEKANANDA LIBRARY VIVEKANANDA LIBRARY Law Library 24/02/2026   343.04 S64T(29) 378114 24/02/2026 Books
    Dewey Decimal Classification     VIVEKANANDA LIBRARY VIVEKANANDA LIBRARY Law Library 24/02/2026   343.04 S64T(29) 378115 24/02/2026 Books
    Dewey Decimal Classification     VIVEKANANDA LIBRARY VIVEKANANDA LIBRARY Law Library 24/02/2026   343.04 S64T(29) 378113 24/02/2026 Books
    Dewey Decimal Classification     VIVEKANANDA LIBRARY VIVEKANANDA LIBRARY Law Library 24/02/2026   343.04 S64T(29) 378112 24/02/2026 Books
© Designed and Maintained by Vivekananda Library, MDU Rohtak